Central Library OPAC University of Rajshahi

Masterworks of world literature / (Record no. 38080)

MARC details
000 -LEADER
fixed length control field 01006cam a2200289 4500
001 - CONTROL NUMBER
control field 38080
003 - CONTROL NUMBER IDENTIFIER
rucl marc code BD-RjUL
005 - DATE AND TIME OF LATEST TRANSACTION
control field 20211209052722.0
008 - FIXED-LENGTH DATA ELEMENTS--GENERAL INFORMATION
fixed length control field 150907s1970 nyu 000 0 eng
020 ## - INTERNATIONAL STANDARD BOOK NUMBER
International Standard Book Number 0030769957 (v. 1)
035 ## - SYSTEM CONTROL NUMBER
System control number (BD-RjUL)38185
040 ## - CATALOGING SOURCE
Original cataloging agency DLC
Transcribing agency DLC
Modifying agency DLC
-- BD-RjUL
Language of cataloging eng
041 ## - LANGUAGE CODE
Language code of text/sound track or separate title eng
082 00 - DEWEY DECIMAL CLASSIFICATION NUMBER
Classification number 808.8
Author mark and year BRM
100 1# - MAIN ENTRY--PERSONAL NAME
Personal name Everett, Edwin Mallard,
Dates associated with a name 1902-
9 (RLIN) 52784
245 10 - TITLE STATEMENT
Title Masterworks of world literature /
Statement of responsibility, etc. Calvin S. Brown, Edwin M. Everett [and] Robert L. Harrison.
Number of part/section of a work Volume I.
250 ## - EDITION STATEMENT
Edition statement 3d ed.
260 ## - PUBLICATION, DISTRIBUTION, ETC. (IMPRINT)
Place of publication, distribution, etc. New York :
Name of publisher, distributor, etc. Holt, Rinehart and Winston,
Date of publication, distribution, etc. 1970.
300 ## - PHYSICAL DESCRIPTION
Pagination xv, 885p. ;
Size 24 cm.
500 ## - GENERAL NOTE
General note Earlier editions edited by Edwin M. Everett, Calvin S. Brown, and John D. Wade.
650 #0 - SUBJECT ADDED ENTRY--TOPICAL TERM
Topical term or geographic name as entry element Literature
General subdivision Collections.
9 (RLIN) 22030
700 1# - ADDED ENTRY--PERSONAL NAME
Personal name Brown, Calvin S.
Fuller form of name (Calvin Smith),
Dates associated with a name 1909-
Relator term joint ed.
Personal name Harrison, Robert L.
Fuller form of name (Robert Ligon),
Dates associated with a name 1932-
Relator term joint ed.
942 ## - ADDED ENTRY ELEMENTS (KOHA)
Source of classification or shelving scheme Dewey Decimal Classification
Koha item type Books
Holdings
Lost status Source of classification or shelving scheme Damaged status Not for loan Collection code Permanent Location Current Location Shelving location Date acquired Source of acquisition Cost, normal purchase price Total Checkouts Full call number Date last seen Copy number Koha item type
  Dewey Decimal Classification     Non-fiction Central Library, University of Rajshahi Central Library, University of Rajshahi   10/10/1973 U.S.Govt. 0.00   808.8 BRM V-1 1970 07/09/2015 C-2 Books
  Dewey Decimal Classification     Non-fiction Central Library, University of Rajshahi Central Library, University of Rajshahi   22/10/1973 US. govt     808.8 BRM 1970 V-1 29/12/2015 C-4 Books
  Dewey Decimal Classification   Not For Loan Non-fiction Central Library, University of Rajshahi Central Library, University of Rajshahi Reading Room 22/10/1973 U.S. Govt     808.8 BRM 1970 V-1 07/12/2019 C-1 Books
  Dewey Decimal Classification     Non-fiction Central Library, University of Rajshahi Central Library, University of Rajshahi   22/10/1973 U.S. Govt     808.8 BRM 1970 V-1 07/12/2019 C-3 Books
  Dewey Decimal Classification     Non-fiction Central Library, University of Rajshahi Central Library, University of Rajshahi   22/10/1973 U.S. Govt     808.8 BRM 1970 V-1 07/12/2019 C-4 Books
  Dewey Decimal Classification   Not For Loan Non-fiction Central Library, University of Rajshahi Central Library, University of Rajshahi Reading Room 22/10/1973 U.S. Govt     808.8 BRM 1970 V-2 07/12/2019 C-1 Books
  Dewey Decimal Classification     Non-fiction Central Library, University of Rajshahi Central Library, University of Rajshahi   22/10/1973 U.S. Govt     808.8 BRM 1970 V-2 07/12/2019 C-2 Books
  Dewey Decimal Classification     Non-fiction Central Library, University of Rajshahi Central Library, University of Rajshahi   22/10/1973 U.S. Govt     808.8 BRM 1970 V-2 07/12/2019 C-3 Books
  Dewey Decimal Classification     Non-fiction Central Library, University of Rajshahi Central Library, University of Rajshahi   22/10/1973 U.S. Govt     808.8 BRM 1970 V-2 07/12/2019 C-4 Books
  Dewey Decimal Classification     Non-fiction Central Library, University of Rajshahi Central Library, University of Rajshahi   22/10/1973 U.S. Govt     808.8 BRM 1970 V-2 07/12/2019 C-5 Books